000 00517cam a22001811i 4500
001 000000923
005 20200929145436.0
008 761228s1947 nyua 001 0 eng
040 _aDO-SdBNP
_bspa
_cBNPHU
082 _axxxx
_bO89t, 1947
100 1 _aOtten, George.
_93263
245 1 0 _aTuberous-rooted begonias and their culture /
_cGeorge Otten.
250 _a2a ed.
260 _aNew York :
_bA. T. De La Mare,
_c1947.
300 _a88 p. :
_bil. ;
_c20 cm.
500 _aIncludes index.
650 0 _aBegonias.
_93264
999 _c914
_d914